British interior design

Bibliographic Details
Other Authors: Atterbury, Paul
Format: Book
Published: New York : Abberille Press , 1989
Subjects:

MARC

LEADER 00000cam a2200000 7i4500
001 0000004822
002 000005198
005 20081202.0
020 |a 1558590528 
090 0 0 |a 747.2941   |b BRI 
245 0 0 |a British interior design   |c edited by Paul Atterbury 
260 |a New York :   |b Abberille Press ,   |c 1989 
300 |a 168p. :   |b ill ;   |c 28cm. 
650 0 0 |a Interior decoration   |x British style 
650 0 0 |a Interior decoration   |z Great Britain   |x History   |y 20th century 
700 0 |a Atterbury, Paul 
999 |a 033477   |b BUKU   |c PINJAMAN   |e PERPUSTAKAAN KOMUNITI PETALING JAYA